00948njm a2200277Ia 450000100060000000300090000600500170001500800410003204000130007304000130008604100130009910000170011210000180012910000380014724500600018525000110024526000090025626000630026530000170032830000290034550000390037450501170041351100280053065000510055870000610060925937IT-RoPAU20220918181129.0131025s9999 xx 000 0 und d aIT-RoPAU cIT-RoPAU aITALIANO aCurran Alvin eAutore musica gCodice autore musica SPICS: 11392 a1985: 1985: un concerto per la pace (A Piece For Peace) a1a ed. aROMA bSPICS RECORDSc1985 [1a Ed.:1985 - Ed. Lingua Orig.: 1985] aMUSICASSETTA c55 minuti (Testo: pag.) aMusica strumentale. Oratorio. Pace aOratorio per tre cori, tre bande, chitarre, fisarmoniche, archi, voci, bambini, acqua, sirene, campane e solisti aDirettore: Alvin Curran aCANZONE [CASSETTE]eCodice MATERIA SPICS: 9951 aCurran AlvingCodice interprete SPICS: 11392eInterprete